000 00346 a2200157 4500
001 10798
020 _a9788516099725
040 _cAnchieta - Aquarius
100 _aCarrasco, Walcyr
240 1 0 _aA estrela curiosa
_lpor
245 1 0 _aA estrela curiosa
300 _a
362 0 _a2015
650 4 _aLiteratura infanto-juvenil
942 _cBK
999 _c10798
_d10798